Представление документа в формате RUSMARC

ПолеНазваниеЗначение
  Тип записи a
  Библиографический уровень a
001 Контрольный номер RU/УОНБ/EK_KRAY/320895302
005 Дата корректировки 20240214152017.6
100 Данные общей обработки __
a Данные общей обработки 20030319d2003 u u0rusy0103 ba
101 Язык документа 0_
a Язык текста rus
200 Заглавие и сведения об ответственности 1_
a Заглавие Об утверждении списков кандидатур для назначения на должность членов Центральной избирательной комиссии Российской Федерации
e Сведения, относящиеся к заглавию постановление Совета Федерации Федерального Собрания Российской Федерации от 26.02.03 г.
210 Выходные данные 1_
d Дата издания 2003
330 Аннотация __
a Аннотация В том числе - Ульян. обл. предложила (поддержала) Кулясову Н.А.
461 Уровень набора _0
1 2001
a Собрание законодательства Российской Федерации
463 Уровень физической единицы _0
1 2000
a N 9.
v С. 2148-2155.
1 210
d 2003
607 Географические рубрики 0_
a Географическое наименование Ульяновская область
610 Ключевые слова 0_
a Ключевые слова выборы
610 Ключевые слова 0_
a Ключевые слова Центральная избирательная комиссия
610 Ключевые слова 0_
a Ключевые слова кандидаты
686 Индексы других классификаций __
a Классификационный индекс 0Б(2)
2 Код системы rubbk
801 Источник записи _0
a Страна RU
b Организация Ульяновская ОНБ
c Дата составления 20030319
g Правила каталогизации PSBO
801 Источник записи _1
a Страна RU
b Организация Ульяновская ОНБ
c Дата составления 20030319
901 Тип документа __
t Тип документа b
909 Создатель записи __
a Создатель записи
938 Служебная информация __
a Имя БД kraeved_work
b Имя библиотеки УОНБ
c Имя АИБС МАРК-SQL
d Номер DOC_ID в БД 39252